| Tag |
First Indicator |
Second Indicator |
Subfields |
| LEADER |
00000cam a2200000 4500 |
| 001 |
in00003874521 |
| 005 |
20190415192021.0 |
| 006 |
m o d |
| 007 |
cr |n||||||||n |
| 008 |
780428s1764 enk|||| o 00||||eng c |
| 035 |
|
|
|a (CU-RivES)T7107
|
| 035 |
|
|
|a (Uk-ES)006246396
|
| 035 |
|
|
|a (OCoLC)508424700
|
| 040 |
|
|
|a Uk-ES
|c Uk-ES
|d CU-RivES
|d CStRLIN
|d CU-RivES
|d Cengage Gale
|d UtOrBLW
|
| 050 |
|
4 |
|a AC4
|b .C336 1764
|
| 100 |
1 |
|
|a Cadogan, William,
|d 1711-1797.
|0 http://id.loc.gov/authorities/names/n82075710
|
| 245 |
1 |
3 |
|a An essay upon nursing and the management of children, from their birth to three years of age :
|b By W. Cadogan, M.D. late physician to the Foundling-Hospital. In a letter to a governor. Published by order of the general committee for transacting the affairs of the said hospital.
|
| 250 |
|
|
|a The eighth edition.
|
| 264 |
|
1 |
|a London :
|b Printed for Robert Horsfield, at the Crown in Ludgate-Street,
|c 1764.
|
| 300 |
|
|
|a 1 online resource (43, 1 unnumbered pages)
|
| 336 |
|
|
|a text
|b txt
|2 rdacontent
|
| 337 |
|
|
|a computer
|b c
|2 rdamedia
|
| 338 |
|
|
|a online resource
|b cr
|2 rdacarrier
|
| 500 |
|
|
|a Price in square brackets: (Price Six Pence.)
|
| 510 |
4 |
|
|a English Short Title Catalog,
|c T7107.
|
| 500 |
|
|
|a Reproduction of original from British Library.
|
| 500 |
|
|
|a Electronic resource.
|
| 650 |
|
0 |
|a Child care.
|0 http://id.loc.gov/authorities/subjects/sh85023354
|
| 655 |
|
7 |
|a Electronic books.
|2 local
|
| 710 |
2 |
|
|a Gale (Firm)
|0 http://id.loc.gov/authorities/names/no2008071348
|
| 752 |
|
|
|a Great Britain
|b England
|d London.
|
| 856 |
4 |
0 |
|u http://proxy.library.tamu.edu/login?url=http://find.galegroup.com/ecco/infomark.do?contentSet=ECCOArticles&docType=ECCOArticles&bookId=1641201500&type=getFullCitation&tabID=T001&prodId=ECCO&docLevel=TEXT_GRAPHICS&version=1.0&source=library&userGroupName=txshracd2898
|z Connect to the full text of this electronic book
|t 0
|
| 999 |
f |
f |
|s a836df7a-cacf-397c-9613-ef7e58007f5b
|i 30b4a2bf-be6b-3516-b042-bf2edfcaba20
|t 0
|
| 952 |
f |
f |
|a Texas A&M University
|b College Station
|c Electronic Resources
|d Available Online
|t 0
|e AC4 .C336 1764
|h Library of Congress classification
|
| 998 |
f |
f |
|a AC4 .C336 1764
|t 0
|l Available Online
|